000 01211nam0a22002891 4500
001 rc\4439479
005 20130416160335.9
021 _aRU
_b68-91071
021 _aRU
_bРг421-69
035 _a(NLR Aleph) 008314542
090 _a8718452
_c8718452
100 _a20130416d1968 |||y0rusy50 ca
101 0 _arus
102 _aRU
105 _aa z |||||
200 1 _aПрограмма расчета матрицы рассеяния волноводного перехода, согласующего два прямоугольных волновода
_fМоск. гос. ун-т им. М.В. Ломоносова. Вычислит. центр.
210 _aМосква
_cБ. и.
_d1968
215 _a93 с.
_cил.
_d21
225 1 _aСерия: "Программы решения прикладных математических задач"
_fПод общ. ред. Г.С. Рослякова
_vВып. 3
333 _aОтпеч. множит. аппаратом
700 1 _aИльинский
_bА. С.
_gАнатолий Серафимович
701 1 _aКотик
_bИ. П.
801 0 _aRU
_bNLR
_gpsbo
801 1 _aRU
_bELAR
_2rusmarc
852 _aNLR
_jП51/877
942 _cBOOK
980 _aNB